000 00343nam a2200121 a 4500
005 20140414132104.0
008 100823s19uu xx 00 eng d
050 _aTR 510
_bF96 2008
245 _aFuntastic mathematics :
_bAges 3-6.
260 _aMakati, Philippines :
_bGalileo,
_c2008.
650 _aMathematics
_xActivity book
999 _c114541
_d114541